Hear me talkin to ya: the story of jazz as Told by the men who made it

שמור ב:
מידע ביבליוגרפי
Main Authors: Shapiro, Nat (Author), Hentoff, Nat (Author)
פורמט: ספר
שפה:אנגלית
יצא לאור: Nueva York Dover 1966
נושאים:
תגים: הוספת תג
אין תגיות, היה/י הראשונ/ה לתייג את הרשומה!

MARC

LEADER 00000nam a2200000 a 4500
001 UCY0905
003 CL-VaPUC
008 940816e19660000US |||||||||||||||||eng|d
082 0 4 |a 781.65  |b SHA  |2 21 
100 0 |a Shapiro, Nat  |e author  |9 328755 
700 |a Hentoff, Nat  |e author  |9 571074 
245 1 0 |a Hear me talkin to ya: the story of jazz as Told by the men who made it 
246 1 4 |a The story of jazz 
300 |a 429 p 
942 |c BK 
945 |d 19940816 00:00:00  |a oaravena 
260 |a Nueva York  |b Dover  |c 1966 
650 7 |a MUSICA DE JAZZ HISTORIA Y CRITICA  |2 CL-VaPUC  |9 306773 
583 |a last modification  |c 19940816 00:00:00  |k Rodrigo Vera 
999 |c 229784  |d 229782 
952 |0 0  |1 0  |4 0  |6 781_650000000000000_SHA_1966  |7 0  |8 A  |9 231366  |a BIBARQ  |b BIBARQ  |d 2019-11-15  |i 2951401  |o 781.65 SHA 1966  |p 2951401  |r 2025-01-20  |w 2019-11-15  |y BK  |k ARQ